| 000 | 00376nam a22001697a 4500 | ||
|---|---|---|---|
| 005 | 20160625165027.0 | ||
| 008 | 160625b xxu||||| |||| 00| 0 eng d | ||
| 020 | _a81-203-1402-6 | ||
| 041 | _aeng | ||
| 082 | _b10323 | ||
| 100 |
_aDvidson, Jeff _92825 |
||
| 245 | _aManageing Your Time | ||
| 260 |
_bPHI _c1998 |
||
| 300 | _a214 | ||
| 650 |
_aManagement _9241 |
||
| 942 | _cBK | ||
| 999 |
_c4086 _d4085 |
||